Welk Aziatisch land - Meerkeuze - Statistieken

Algemene statistieken
  • Deze quiz is 26 keer genomen
  • De gemiddelde score is 10 van 15
Antwoordstatistieken
Vraag Antwoord % Correct
Welk van deze landen grenst aan de Kaspische Zee? Azerbeidzjan
100%
Welk land grenst aan Afghanistan? Iran
100%
Waar ligt de stad Mandalay? Myanmar
100%
Van welk land begint de hoofdstad NIET met een T? Noord-Korea
100%
Welk land heeft het hoogste aantal inwoners? Indonesië
67%
In welk land ligt de laagste "hoogte" ter wereld? Israël
67%
Waar werd Siddhartha Gautama, Boeddha, geboren? Nepal
67%
Welk van deze landen is een monarchie? Oman
67%
Welk land was vroeger bekend als Ceylon? Sri Lanka
67%
Waar mond de Mekong uit in de Indische Oceaan? Vietnam
67%
Waar wordt Tagalog veel gesproken? Filipijnen
33%
Welk van deze landen heeft een meerderheid christenen? Georgië
33%
Van welk land is bewezen dat ze nucleaire wapens bezitten? Pakistan
33%
Waar staat de Kaäba? Saoedi Arabië
33%
Welk land heeft Japan NIET aangevallen tijdens WOII? Thailand
33%
Geen overeenkomende quizzen gevonden
Scoreverdeling
Procent van Mensen met Elke Score
Percentiel versus Aantal Correcte Antwoorden
Uw Scoregeschiedenis
U heeft deze quiz nog niet genomen